LEADER 01270nam0 2200337 450 001 000042407 005 20160726101307.0 010 $a978-1-4614-9328-0 100 $a20160725d2014----km-y0itaa50------ba 101 0 $aeng 102 $aUS 200 1 $aPlants and BioEnergy$fMaureen C. McCann, Marcos S. Buckeridge, Nicholas C. Carpita, editors 210 $aSpringer$cNew York [etc.]$d2014 215 $aX, 289 p.$cill.$d24 cm 225 2 $aAdvances in plant biology$v4 410 0$12001$aAdvances in plant biology$v4 606 1 $aFonti rinnovabili di energia 676 $a662.88$v(22. ed.)$9Biomassa come combustibile 676 $a333.9539$v(22. ed.)$9Economia della Terra (Economia Fondiaria). Piante come fonti di energia 702 1$aMcCann,$bMauren C. 702 1$aBuckeridge,$bMarcos S. 702 1$aCarpita,$bNicholas C. 801 0$aIT$bUniversità della Basilicata - B.I.A.$gREICAT$2unimarc 912 $a000042407 996 $aPlants and BioEnergy$91531526 997 $aUNIBAS BAS $aAGRARIA CAT $aTTM$b30$c20160725$lBAS01$h1517 CAT $aTTM$b30$c20160726$lBAS01$h1013 FMT Z30 -1$lBAS01$LBAS01$mBOOK$1BASA2$APolo Tecnico-Scientifico$2DID$BDidattica$3PTS.d1.114693$6114693$5T114693$820160726$f98$FConsultazione LEADER 01580nas 2200493- 450 001 996321906503316 005 20210111030013.7 011 $a2300-2298 035 $a(OCoLC)885570216 035 $a(CKB)3460000000121576 035 $a(CONSER)--2015252287 035 $a(DE-599)ZDB2753740-7 035 $a(EXLCZ)993460000000121576 100 $a20140709a20139999 s-- a 101 0 $aeng 135 $aur|nu|||||||| 181 $ctxt$2rdacontent 182 $cc$2rdamedia 183 $acr$2rdacarrier 200 00$aDependence modeling 210 1$aWarsaw, Poland :$cVersita,$d2013- 210 31$aWarsaw, Poland :$cDe Gruyter Open 300 $aRefereed/Peer-reviewed 517 1 $aDeMo 531 00$aDepend. model. 606 $aDependence (Statistics)$vPeriodicals 606 $aMultivariate analysis$vPeriodicals 606 $aCopulas (Mathematical statistics)$vPeriodicals 606 $aCopulas (Mathematical statistics)$2fast$3(OCoLC)fst00878656 606 $aDependence (Statistics)$2fast$3(OCoLC)fst00890813 606 $aMultivariate analysis$2fast$3(OCoLC)fst01029105 608 $aPeriodicals.$2lcgft 608 $aPeriodicals.$2fast 610 $aMathematical Statistics 615 0$aDependence (Statistics) 615 0$aMultivariate analysis 615 0$aCopulas (Mathematical statistics) 615 7$aCopulas (Mathematical statistics) 615 7$aDependence (Statistics) 615 7$aMultivariate analysis. 906 $aJOURNAL 912 $a996321906503316 996 $aDependence modeling$92178120 997 $aUNISA